000 01238nab a22002417a 4500
999 _c5952
_d5952
003 OSt
005 20260114125614.0
008 190605e xxu||||| |||| 00| 0 spa d
040 _cPJ
100 _96795
_aUnzaga Domíngue, Guillermo
245 1 3 _aEl principio de gratuidad como guardián de la tutela judicial efectiva /
_cGuillermo Unzaga Domínguez.
260 _aCiudad Autónoma de Buenos Aires :
_bThomson Reuters La Ley,
_c2024.
300 _ap. 28-35
500 _aCita: TR LALEY AR/DOC/1442/2024.
505 _aSumario: I. Recepción normativa del principio de gratuidad.— II. Fundamentación.— III. La gratuidad en el intercambio telegráfico.— IV. El beneficio de gratuidad.— V. El beneficio de litigar sin gastos.— VI. La imposición de costas.— VII. Conclusiones.
505 _t¿Te interesa el texto completo? Solicitalo al correo: koha@justierradelfuego.gov.ar
650 0 _91316
_aDERECHO LABORAL
650 0 _91323
_aCONTRATO DE TRABAJO
650 0 _91514
_aPROCEDIMIENTO LABORAL
650 0 _96796
_aGRATUIDAD DEL PROCEDIMIENTO
773 0 _02711
_93168
_dCiudad Autónoma de Buenos Aires : Thomson Reuters La Ley, 1999-2002.
_tRevista de derecho del trabajo. Nº 4 - Julio 2024
942 _2udc
_cANA